000 00758cam a2200241 a 4500
001 2142786
003 GBCCL
005 20241126110419.0
008 980616s1998 caua 000 0 eng
010 _a 98027599
020 _a0830721347 (hardcover)
040 _aDLC
_cDLC
_dDLC
050 0 0 _aBV652
_b.H26 1998
082 0 0 _a253
_221
_bHAG
100 1 _aHaggard, Ted.
_94390
245 1 4 _aThe life-giving church /
_cTed Haggard.
260 _aVentura, Calif. :
_bRegal Books,
_cc1998.
300 _a269 p. :
_bill. ;
_c23 cm.
650 0 _aChurch management.
_92876
906 _a7
_bcbc
_corignew
_d1
_eocip
_f19
_gy-gencatlg
942 _2ddc
_cBK
_04
999 _c2139
_d2139